[Event "Stuttgarter Stadtmeisterschaft A"]
[Site "Ditzingen"]
[Date "2008.05.04"]
[Round "7.37"]
[White "Kubacsny, Vilmos"]
[Black "Hittinger, Immanuel"]
[Result "1-0"]
[WhiteElo "2080"]
[BlackElo "1928"]
[PlyCount "55"]
[EventDate "2008.05.??"]
[EventType "swiss"]
[EventRounds "7"]
[EventCountry "GER"]
[WhiteTeam "SF Conweiler"]
[BlackTeam "SK Bebenhausen 1992"]

1. d4 d5 2. Nf3 Nf6 3. g3 e6 4. Bg2 Be7 5. O-O O-O 6. b3 Nbd7 7. Bb2 b6 8. Ne5
Bb7 9. Nd2 c5 10. e3 Rc8 11. a3 Qc7 12. Rc1 Rfd8 13. f4 Ne4 14. Nxe4 dxe4 15.
Qh5 g6 16. Qh3 f5 17. g4 Bf6 18. gxf5 exf5 19. c4 Qb8 20. Qg3 Kg7 21. h4 b5 22.
h5 Nf8 23. hxg6 hxg6 24. Bh3 Kh7 25. d5 Bg7 26. Rf2 Rc7 27. Rg2 Re7 28. Qh4+
1-0

[Event "Stuttgarter Stadtmeisterschaft A"]
[Site "Ditzingen"]
[Date "2008.05.04"]
[Round "7.38"]
[White "Renke, Mathias"]
[Black "Trefzer, Erhard"]
[Result "1/2-1/2"]
[WhiteElo "1933"]
[BlackElo "2076"]
[PlyCount "46"]
[EventDate "2008.05.??"]
[EventType "swiss"]
[EventRounds "7"]
[EventCountry "GER"]
[WhiteTeam "SV Ottenbronn"]
[BlackTeam "SV Marbach"]

1. Nf3 d5 2. g3 g6 3. Bg2 Bg7 4. d4 Nf6 5. c4 O-O 6. O-O c6 7. Nc3 Nbd7 8. cxd5
Nxd5 9. Nxd5 cxd5 10. Qb3 Nb6 11. Bf4 Bg4 12. Rfd1 Bxf3 13. Bxf3 Qd7 14. Rac1
Rfc8 15. Rc5 e6 16. Qc2 Nc4 17. b3 Rxc5 18. dxc5 Ne5 19. Bg2 Qb5 20. a4 Qa5 21.
e4 d4 22. Bxe5 Bxe5 23. f4 Bf6 1/2-1/2

[Event "Stuttgarter Stadtmeisterschaft A"]
[Site "Ditzingen"]
[Date "2008.05.04"]
[Round "7.39"]
[White "Yin, Zixiao"]
[Black "Grandidier, Raphael"]
[Result "0-1"]
[WhiteElo "1923"]
[BlackElo "2023"]
[PlyCount "78"]
[EventDate "2008.05.??"]
[EventType "swiss"]
[EventRounds "7"]
[EventCountry "GER"]
[WhiteTeam "SC Tarrasch 45 München"]
[BlackTeam "SC Oberwinden 1957 e.V."]

1. g3 c5 2. g4 Nc6 3. Bg2 d6 4. g5 e5 5. d3 Be7 6. h4 f6 7. Nf3 d5 8. c3 Be6 9.
Na3 Qd7 10. gxf6 Bxf6 11. Bg5 Nge7 12. Qd2 h6 13. Bxf6 gxf6 14. O-O-O O-O-O 15.
h5 Kb8 16. Nh4 d4 17. Kb1 Rdg8 18. Rdg1 Rg5 19. f4 dxc3 20. Qxc3 Nd5 21. Bxd5
Rxg1+ 22. Rxg1 Qxd5 23. Nc4 b5 24. e4 Qd7 25. Ng6 Rd8 26. Ne3 Qxd3+ 27. Qxd3
Rxd3 28. Ng4 Bxg4 29. Rxg4 Rh3 30. Nf8 Rxh5 31. Nd7+ Kc7 32. Nxc5 Nd4 33. a3
exf4 34. Nd3 f3 35. Rg7+ Kd8 36. Rg6 Rh1+ 37. Ka2 Rd1 38. Nf2 Rd2 39. Rxf6 Ke7
0-1

[Event "Stuttgarter Stadtmeisterschaft A"]
[Site "Ditzingen"]
[Date "2008.05.04"]
[Round "7.40"]
[White "Fingerhut, Armin"]
[Black "Volk, Werner"]
[Result "0-1"]
[WhiteElo "1919"]
[BlackElo "1993"]
[PlyCount "92"]
[EventDate "2008.05.??"]
[EventType "swiss"]
[EventRounds "7"]
[EventCountry "GER"]
[WhiteTeam "Vorw.Orient Mainz"]
[BlackTeam "SC Oberwinden 1957 e.V."]

1. e4 e6 2. d4 d5 3. Nc3 dxe4 4. Nxe4 Nd7 5. Nf3 Ngf6 6. Bg5 h6 7. Bxf6 Nxf6 8.
Bd3 Be7 9. c3 O-O 10. Qe2 Nd5 11. g3 b6 12. O-O-O c5 13. dxc5 bxc5 14. Ne5 Qc7
15. f4 Bb7 16. h4 Rad8 17. Rh2 Nf6 18. Nf2 Qa5 19. g4 Qxa2 20. g5 Qa1+ 21. Bb1
Rxd1+ 22. Qxd1 Ne4 23. Qc2 Qa6 24. Rh1 f5 25. gxf6 Nxf6 26. Nfg4 Ne4 27. Rg1
Rxf4 28. Nxh6+ Kh7 29. Qg2 g5 30. Nhf7 Kg7 31. h5 Nxc3 32. h6+ Kf8 33. h7 Bf6
34. Qh3 Ne2+ 35. Kd2 Rd4+ 36. Ke3 Nxg1 37. h8=Q+ Bxh8 38. Qxh8+ Ke7 39. Qh2 Qf1
40. Ng6+ Kd7 41. Nfe5+ Kc7 42. Nc4+ Kc6 43. Qh1+ Qf3+ 44. Qxf3+ Nxf3 45. Kxf3
Kb5+ 46. Ke3 Kxc4 0-1

[Event "Stuttgarter Stadtmeisterschaft A"]
[Site "Ditzingen"]
[Date "2008.05.04"]
[Round "7.41"]
[White "Jehle, Anja"]
[Black "Bauer, Dieter"]
[Result "1-0"]
[WhiteElo "1968"]
[BlackElo "1854"]
[PlyCount "69"]
[EventDate "2008.05.??"]
[EventType "swiss"]
[EventRounds "7"]
[EventCountry "GER"]
[WhiteTeam "Schachclub Ingersheim eV"]
[BlackTeam "SK Bebenhausen 1992"]

1. d4 Nf6 2. c4 e6 3. Nf3 Bb4+ 4. Bd2 Qe7 5. a3 Bxd2+ 6. Nbxd2 d6 7. e3 e5 8.
d5 O-O 9. e4 a5 10. h3 a4 11. g4 Nfd7 12. Bd3 Nc5 13. Bc2 Nbd7 14. Nf1 Nb6 15.
Ne3 Re8 16. Qe2 Bd7 17. Nf5 Bxf5 18. gxf5 Nbd7 19. h4 Nf6 20. h5 h6 21. O-O-O
Reb8 22. Rdg1 Ra5 23. Qd2 Nfxe4 24. Qxa5 Nxf2 25. Rh2 Nfd3+ 26. Kb1 Nf4 27.
Bxa4 Qd8 28. Bc2 b5 29. cxb5 Qe8 30. a4 Nxd5 31. Rhg2 f6 32. Rxg7+ Kh8 33. R7g6
Kh7 34. Qe1 Nf4 35. Rg7+ 1-0

[Event "Stuttgarter Stadtmeisterschaft A"]
[Site "Ditzingen"]
[Date "2008.05.04"]
[Round "7.42"]
[White "Rempeli, Alex"]
[Black "Ter-Akopyan, Bagrat"]
[Result "0-1"]
[WhiteElo "1713"]
[BlackElo "1984"]
[PlyCount "68"]
[EventDate "2008.05.??"]
[EventType "swiss"]
[EventRounds "7"]
[EventCountry "GER"]
[WhiteTeam "SF Deizisau"]
[BlackTeam "SV Puschendorf"]

1. d4 g6 2. c4 Bg7 3. Nc3 d6 4. e4 e5 5. d5 f5 6. exf5 gxf5 7. Qh5+ Kf8 8. f4
Nf6 9. Qd1 e4 10. Nge2 c5 11. h3 Na6 12. Be3 Nc7 13. Qd2 a6 14. Ng3 h5 15. Be2
h4 16. Nf1 Rb8 17. a4 b6 18. Bf2 Bd7 19. Ne3 Bh6 20. Nc2 b5 21. axb5 axb5 22.
Bxh4 bxc4 23. Ra7 Bg7 24. Bxf6 Bxf6 25. Na3 Bd4 26. Bxc4 Rb4 27. b3 Qb8 28.
Rxc7 Qxc7 29. Nc2 Bf6 30. Nxb4 cxb4 31. Nd1 Qc5 32. Ke2 Rg8 33. Ne3 Rg3 34. Re1
Bc3 0-1

[Event "Stuttgarter Stadtmeisterschaft A"]
[Site "Ditzingen"]
[Date "2008.05.04"]
[Round "7.43"]
[White "Janata, Andreas"]
[Black "Günthner, Arthur"]
[Result "1-0"]
[WhiteElo "1979"]
[BlackElo "1707"]
[PlyCount "101"]
[EventDate "2008.05.??"]
[EventType "swiss"]
[EventRounds "7"]
[EventCountry "GER"]
[WhiteTeam "Sabt SpVgg Rommelshausen"]
[BlackTeam "SC Tamm 74"]

1. d4 d6 2. Nf3 Bg4 3. e4 Nf6 4. Nc3 g6 5. h3 Bxf3 6. Qxf3 Nbd7 7. Bc4 e6 8.
Bf4 Nb6 9. Bb3 Bg7 10. e5 dxe5 11. dxe5 Nfd7 12. O-O-O Qc8 13. Rhe1 c5 14. Ne4
O-O 15. Nd6 Qc7 16. Qxb7 Qxb7 17. Nxb7 c4 18. Bxc4 Nxe5 19. Bb5 Nec4 20. b3 Na3
21. Bf1 Rfc8 22. c4 Nb5 23. Nd6 Nxd6 24. Bxd6 Nd5 25. Be5 Bxe5 26. Rxe5 Rc7 27.
Kb2 Nb4 28. Rb5 a5 29. Rd6 Raa7 30. a3 Nc6 31. Rc5 Ne7 32. Rxc7 Rxc7 33. Bd3
Kg7 34. b4 axb4 35. axb4 Nc6 36. Kb3 Kf6 37. b5 Ne5 38. Be2 Nd7 39. Kb4 Ke7 40.
Ra6 Rb7 41. c5 Nb8 42. Ra8 Nc6+ 43. Ka4 Nd4 44. c6 Rc7 45. Bf3 Kd6 46. Rd8+ Kc5
47. Rxd4 Ra7+ 48. Kb3 Kxd4 49. b6 Ra6 50. b7 Rb6+ 51. Kc2 1-0

[Event "Stuttgarter Stadtmeisterschaft A"]
[Site "Ditzingen"]
[Date "2008.05.04"]
[Round "7.44"]
[White "Fahnenschmidt, Gerhard"]
[Black "Reder, Erik"]
[Result "1/2-1/2"]
[WhiteElo "2101"]
[BlackElo "1882"]
[PlyCount "119"]
[EventDate "2008.05.??"]
[EventType "swiss"]
[EventRounds "7"]
[EventCountry "GER"]
[WhiteTeam "SAbt VfL Sindelfingen"]
[BlackTeam "SK e4 Gerlingen"]

1. c4 c5 2. Nf3 g6 3. e4 Bg7 4. d4 cxd4 5. Nxd4 Nc6 6. Be3 Nf6 7. Nc3 O-O 8.
Be2 d6 9. O-O Be6 10. Nxe6 fxe6 11. f4 Nd7 12. Qd2 Nc5 13. e5 b6 14. Bg4 dxe5
15. Qxd8 Raxd8 16. Bxc5 bxc5 17. Bxe6+ Kh8 18. Bd5 Nd4 19. fxe5 Bxe5 20. Rae1
Bf6 21. Ne4 Nc2 22. Rb1 Ne3 23. Rf3 Nxd5 24. cxd5 Bd4+ 25. Kf1 Rxf3+ 26. gxf3
Rxd5 27. b4 cxb4 28. Rxb4 Bb6 29. Kg2 Kg7 30. Rc4 h6 31. h4 Rd7 32. Kg3 Rc7 33.
Ra4 Rc1 34. Kf4 Rh1 35. Ke5 Rxh4 36. Rc4 Rh5+ 37. Ke6 Rf5 38. Rc3 h5 39. Kxe7
h4 40. f4 Rxf4 41. Ng5 Rf5 42. Ne6+ Kh6 43. Rc8 g5 44. Rh8+ Kg6 45. Rg8+ Kh7
46. Rg7+ Kh6 47. Rg8 Bc5+ 48. Nxc5 Rxc5 49. Kf6 Rc6+ 50. Kf5 Kh7 51. Rd8 h3 52.
Rd2 Rc3 53. Kxg5 Rg3+ 54. Kh4 Rg2 55. Rd7+ Kg6 56. Kxh3 Rxa2 57. Kg3 Kf5 58.
Kf3 Ra3+ 59. Ke2 Ke6 60. Rd3 1/2-1/2

[Event "Stuttgarter Stadtmeisterschaft A"]
[Site "Ditzingen"]
[Date "2008.05.04"]
[Round "7.45"]
[White "Giricz, Thomas"]
[Black "Sarchisov, Slavik"]
[Result "0-1"]
[WhiteElo "1875"]
[BlackElo "1982"]
[PlyCount "104"]
[EventDate "2008.05.??"]
[EventType "swiss"]
[EventRounds "7"]
[EventCountry "GER"]
[WhiteTeam "SAbt VfL Sindelfingen"]
[BlackTeam "Karlsruher SF 1853"]

1. e4 c5 2. Nf3 d6 3. d4 cxd4 4. Nxd4 Nf6 5. Nc3 a6 6. Be3 e5 7. Nb3 Be6 8. f3
h5 9. Be2 Nbd7 10. O-O Rc8 11. Kh1 Be7 12. a4 Nb6 13. f4 Nc4 14. Bc1 exf4 15.
Rxf4 Ne5 16. Nd4 g6 17. Nxe6 fxe6 18. Qd4 Qa5 19. Rf1 Qc5 20. Be3 Qxd4 21. Bxd4
Nfd7 22. Rf2 Rg8 23. Raf1 Nc6 24. Be3 Nde5 25. Bf4 Kd7 26. Bxe5 Nxe5 27. Nd1
Bd8 28. Bd3 Ke7 29. h3 Bb6 30. Rf6 Rg7 31. g3 Nd7 32. R6f3 Ne5 33. Rf6 Rf7 34.
Rxf7+ Nxf7 35. b3 Bd4 36. c4 Ne5 37. Bb1 a5 38. Kg2 Rf8 39. Re1 Kd7 40. Re2 Kc6
41. Nb2 Bxb2 42. Rxb2 Kc5 43. Re2 Rf6 44. Bc2 Nc6 45. Re3 e5 46. Rd3 Nd4 47.
Rd2 Kb4 48. Bd1 Kc3 49. Rf2 Rxf2+ 50. Kxf2 Kd2 51. Bf3 Nxf3 52. Kxf3 g5 0-1

[Event "Stuttgarter Stadtmeisterschaft A"]
[Site "Ditzingen"]
[Date "2008.05.04"]
[Round "7.46"]
[White "Weißbeck, Simon"]
[Black "Hoffmann, Ekkehard"]
[Result "1-0"]
[WhiteElo "1831"]
[BlackElo "2002"]
[PlyCount "55"]
[EventDate "2008.05.??"]
[EventType "swiss"]
[EventRounds "7"]
[EventCountry "GER"]
[WhiteTeam "Heilbronner SV"]

1. e4 Nf6 2. e5 Nd5 3. d4 d6 4. c4 Nb6 5. Nf3 Nc6 6. exd6 cxd6 7. Be2 g6 8. O-O
Bg7 9. Be3 O-O 10. Nc3 e5 11. dxe5 Nxe5 12. Qb3 Bg4 13. Bxb6 axb6 14. Nxe5 Bxe2
15. Nxf7 Bxc4 16. Nh6+ Bxh6 17. Qxc4+ Kh8 18. Rad1 Qf6 19. Qd5 Bf4 20. g3 Be5
21. Qxb7 Bd4 22. Ne4 Qe5 23. Kg2 Rab8 24. f4 Qe6 25. Qxh7+ Kxh7 26. Ng5+ Kg8
27. Nxe6 Bxb2 28. Nxf8 1-0

[Event "Stuttgarter Stadtmeisterschaft A"]
[Site "Ditzingen"]
[Date "2008.05.04"]
[Round "7.47"]
[White "Streiter, Manfred"]
[Black "Marquardt, Patrick"]
[Result "1/2-1/2"]
[WhiteElo "1968"]
[BlackElo "1859"]
[PlyCount "49"]
[EventDate "2008.05.??"]
[EventType "swiss"]
[EventRounds "7"]
[EventCountry "GER"]
[WhiteTeam "SAbt TSV Schönaich"]
[BlackTeam "SG Donautal Tuttlingen"]

1. d4 d5 2. Nf3 Nf6 3. c4 e6 4. Nc3 c6 5. e3 Be7 6. Bd3 O-O 7. O-O Nbd7 8. Qe2
c5 9. Rd1 cxd4 10. exd4 dxc4 11. Bxc4 Nb6 12. Bb3 Nbd5 13. Ne5 a6 14. Bg5 Nxc3
15. bxc3 Nd5 16. Bd2 Re8 17. c4 Nf6 18. Bg5 Nd7 19. Bxe7 Qxe7 20. Re1 Nf6 21.
Rad1 Bd7 22. Qf3 b5 23. Nxd7 Qxd7 24. d5 exd5 25. Rxe8+ 1/2-1/2

[Event "Stuttgarter Stadtmeisterschaft A"]
[Site "Ditzingen"]
[Date "2008.05.04"]
[Round "7.48"]
[White "Viehoff, Jürgen"]
[Black "Schmid, Eugen"]
[Result "0-1"]
[WhiteElo "1812"]
[BlackElo "1960"]
[PlyCount "125"]
[EventDate "2008.05.??"]
[EventType "swiss"]
[EventRounds "7"]
[EventCountry "GER"]
[WhiteTeam "SC Stetten a.d.F."]
[BlackTeam "SV Herrenberg e.V."]

1. d4 Nf6 2. Nf3 e6 3. Bg5 h6 4. Bxf6 Qxf6 5. e4 Qd8 6. Bd3 Be7 7. O-O b6 8.
Qe2 Bb7 9. Nbd2 d6 10. Rfd1 Nd7 11. Rac1 O-O 12. c4 c5 13. Bb1 cxd4 14. Nxd4 a6
15. f4 Qc7 16. N2f3 Rfd8 17. Qc2 Nf8 18. Qf2 Rac8 19. Ne2 Bc6 20. Kh1 Qb7 21.
Nc3 b5 22. cxb5 axb5 23. a3 b4 24. axb4 Qxb4 25. Nd4 Be8 26. f5 Bf6 27. Ba2 Bd7
28. fxe6 fxe6 29. Nf5 Ba4 30. Rd3 Kh7 31. Nd4 d5 32. Re1 dxe4 33. Rxe4 Qa5 34.
Bb1 Be8 35. Rh3 Bg6 36. Nb3 Qf5 37. Qxf5 Bxf5 38. Re1 Bxb1 39. Rxb1 Rb8 40. Na4
Ng6 41. Re3 e5 42. g3 Rb4 43. Nac5 Be7 44. h4 h5 45. Re4 Rb5 46. Rc4 Rc8 47.
Rbc1 Bxc5 48. Nxc5 Rxb2 49. Ne6 Rxc4 50. Rxc4 Rb7 51. Ng5+ Kh6 52. Rc6 Re7 53.
Kg2 Re8 54. Kf2 Rf8+ 55. Ke3 Rf6 56. Rc7 Nf8 57. Re7 Ng6 58. Re8 Rf8 59. Rxf8
Nxf8 60. Ke4 Kg6 61. Kxe5 Nd7+ 62. Kf4 Nf6 63. Ne6 {
Fortsetzung unklar --> Notation} 0-1

[Event "Stuttgarter Stadtmeisterschaft A"]
[Site "Ditzingen"]
[Date "2008.05.04"]
[Round "7.49"]
[White "Maissenbacher, Werner"]
[Black "Bergner, Philipp"]
[Result "0-1"]
[WhiteElo "1948"]
[BlackElo "1749"]
[PlyCount "80"]
[EventDate "2008.05.??"]
[EventType "swiss"]
[EventRounds "7"]
[EventCountry "GER"]
[WhiteTeam "SC 1948 Ersingen e.V."]
[BlackTeam "SV Backnang"]

1. e4 c5 2. Nf3 d6 3. d4 cxd4 4. Nxd4 Nf6 5. Nc3 a6 6. Bc4 e6 7. Bb3 Nbd7 8.
Be3 Nc5 9. f3 Be7 10. Qd2 O-O 11. g4 b5 12. Nc6 Qc7 13. Nxe7+ Qxe7 14. Qf2 Bb7
15. Rg1 Rac8 16. O-O-O Nxb3+ 17. axb3 Qc7 18. h4 Nd7 19. Kb1 Nc5 20. Qh2 Rfd8
21. g5 b4 22. Na2 a5 23. h5 g6 24. Rh1 Nxe4 25. hxg6 fxg6 26. Rd4 Nc5 27. Rf1
a4 28. Rxb4 axb3 29. cxb3 Ra8 30. Nc3 Rd7 31. Qh3 Re7 32. Rf4 Nxb3 33. Kc2 Nc5
34. Rf6 Ba6 35. Rd1 Bc4 36. Bxc5 Qxc5 37. Rd2 Qb4 38. Rd4 Qb3+ 39. Kd2 Qxb2+
40. Ke3 Qxc3+ 0-1

[Event "Stuttgarter Stadtmeisterschaft A"]
[Site "Ditzingen"]
[Date "2008.05.04"]
[Round "7.50"]
[White "Rudhart, Michael"]
[Black "Kreiter, Thomas"]
[Result "1-0"]
[WhiteElo "1917"]
[BlackElo "1781"]
[PlyCount "53"]
[EventDate "2008.05.??"]
[EventType "swiss"]
[EventRounds "7"]
[EventCountry "GER"]
[WhiteTeam "Schachclub Feuerbach e. V."]
[BlackTeam "SC Tamm 74"]

1. d4 d5 2. Nf3 Nf6 3. g3 Bf5 4. Bg2 e6 5. Nbd2 c6 6. Ne5 Nbd7 7. f4 Nxe5 8.
fxe5 Nd7 9. e3 Qc7 10. c4 Be7 11. Qe2 h5 12. O-O g5 13. cxd5 cxd5 14. Bxd5 Nb6
15. Bg2 Bg4 16. Qb5+ Kf8 17. a4 Rd8 18. h3 Bf5 19. a5 Nd5 20. Nb3 a6 21. Qe2
Bc2 22. Nd2 Bb4 23. Bxd5 Rxd5 24. Nf3 Rd7 25. Nxg5 Qc6 26. d5 Qxd5 27. Qxc2 1-0

[Event "Stuttgarter Stadtmeisterschaft A"]
[Site "Ditzingen"]
[Date "2008.05.04"]
[Round "7.51"]
[White "Srokovskiy, Alexander"]
[Black "Stoll, Guido"]
[Result "1/2-1/2"]
[WhiteElo "1765"]
[BlackElo "1914"]
[PlyCount "41"]
[EventDate "2008.05.??"]
[EventType "swiss"]
[EventRounds "7"]
[EventCountry "GER"]
[WhiteTeam "Ooser SC von 1930 Baden-Baden"]
[BlackTeam "Schach-Club Vaterstetten"]

1. e4 c5 2. Nf3 g6 3. d4 cxd4 4. c3 d3 5. c4 Bg7 6. Bxd3 Nc6 7. O-O Nf6 8. Nc3
O-O 9. Qd2 d6 10. b3 b6 11. Bb2 Bb7 12. Rad1 Nd7 13. Bb1 Nde5 14. Ne1 Qc8 15.
f4 Ng4 16. Nf3 Rd8 17. Nd5 e6 18. Bxg7 exd5 19. exd5 Kxg7 20. dxc6 Qxc6 21.
Qd4+ 1/2-1/2

[Event "Stuttgarter Stadtmeisterschaft A"]
[Site "Ditzingen"]
[Date "2008.05.04"]
[Round "7.53"]
[White "Schlachetzki, Horst"]
[Black "Herbst, Rudolf"]
[Result "1-0"]
[WhiteElo "1968"]
[BlackElo "1761"]
[PlyCount "59"]
[EventDate "2008.05.??"]
[EventType "swiss"]
[EventRounds "7"]
[EventCountry "GER"]
[WhiteTeam "SC Leinfelden"]
[BlackTeam "SK Neuhausen"]

1. e4 c6 2. d4 d5 3. Nc3 dxe4 4. Nxe4 Bf5 5. Ng3 Bg6 6. h4 h6 7. Nf3 Nd7 8. h5
Bh7 9. Bd3 Bxd3 10. Qxd3 Qc7 11. Bd2 e6 12. O-O-O Ngf6 13. c4 O-O-O 14. Qe2 Bd6
15. Ne4 Bf4 16. g3 Bxd2+ 17. Rxd2 Nxe4 18. Qxe4 Nf6 19. Qe2 Rhf8 20. Ne5 Nd7
21. Rhd1 Qa5 22. a3 Nxe5 23. dxe5 Rxd2 24. Rxd2 Rd8 25. Rxd8+ Kxd8 26. Qe3 Ke7
27. b4 Qa4 28. Qd3 Ke8 29. Kb2 b5 30. c5 1-0

[Event "Stuttgarter Stadtmeisterschaft A"]
[Site "Ditzingen"]
[Date "2008.05.04"]
[Round "7.54"]
[White "Wolff, Cascal"]
[Black "Felser, Martin"]
[Result "0-1"]
[WhiteElo "1832"]
[BlackElo "1963"]
[PlyCount "92"]
[EventDate "2008.05.??"]
[EventType "swiss"]
[EventRounds "7"]
[EventCountry "GER"]
[WhiteTeam "SAbt TSV Willsbach"]
[BlackTeam "SC Dillingen"]

1. d4 d5 2. c4 e6 3. Nc3 Nf6 4. Nf3 Be7 5. Bg5 h6 6. Bh4 Nbd7 7. e3 c6 8. Qc2
O-O 9. cxd5 exd5 10. Bd3 Re8 11. O-O Qc7 12. Bg3 Qd8 13. h3 a6 14. Rac1 Bb4 15.
a3 Bxc3 16. bxc3 b5 17. Rb1 Qe7 18. a4 Ne4 19. Bxe4 Qxe4 20. Qxe4 Rxe4 21. Nd2
Re6 22. Ra1 Nf6 23. Rfb1 Bd7 24. Kf1 Ne4 25. Nxe4 Rxe4 26. Bd6 f5 27. g3 g5 28.
Kg2 Kf7 29. a5 h5 30. Re1 Re6 31. Be5 Ree8 32. f4 gxf4 33. exf4 Re6 34. Rg1 Rg8
35. Kf2 Reg6 36. Rg2 Rc8 37. h4 c5 38. Rb1 cxd4 39. Bxd4 Rc4 40. Rb4 Rgc6 41.
Kg1 Rxb4 42. cxb4 Rc1+ 43. Kf2 Rc4 44. Bc5 d4 45. Rg1 Rc2+ 46. Kf3 Bc6# 0-1

[Event "Stuttgarter Stadtmeisterschaft A"]
[Site "Ditzingen"]
[Date "2008.05.04"]
[Round "7.55"]
[White "Stegmaier, Michael"]
[Black "Seifert, Martin"]
[Result "1/2-1/2"]
[WhiteElo "1802"]
[BlackElo "1932"]
[PlyCount "75"]
[EventDate "2008.05.??"]
[EventType "swiss"]
[EventRounds "7"]
[EventCountry "GER"]
[WhiteTeam "SC Tamm 74"]
[BlackTeam "SV Schwaikheim"]

1. Nf3 d5 2. d4 Nf6 3. c4 e6 4. Nc3 c6 5. e3 Nbd7 6. Bd3 dxc4 7. Bxc4 Nb6 8.
Bd3 Be7 9. O-O O-O 10. e4 Re8 11. Bg5 Nbd7 12. Qc2 Nf8 13. Bxf6 Bxf6 14. e5 Be7
15. Ne4 Ng6 16. Nc5 b6 17. Nb3 Bb7 18. Rfd1 Rc8 19. Rac1 Bg5 20. Nbd2 Bh6 21.
Rb1 Re7 22. Ne4 Rcc7 23. Nd6 Ba8 24. b4 Red7 25. Qb3 Nf4 26. Be4 g6 27. g3 Nd5
28. Nc4 Bf8 29. Bxd5 cxd5 30. Ne3 Qc8 31. Ng4 Bg7 32. Qe3 Rc3 33. Qf4 Rdc7 34.
Nf6+ Bxf6 35. exf6 Bc6 36. Rbc1 Bb5 37. Rxc3 Rxc3 38. Ne5 1/2-1/2

[Event "Stuttgarter Stadtmeisterschaft A"]
[Site "Ditzingen"]
[Date "2008.05.04"]
[Round "7.56"]
[White "Winkler, Stefan"]
[Black "Lörincz, Benjamin"]
[Result "1-0"]
[WhiteElo "1824"]
[BlackElo "1935"]
[PlyCount "37"]
[EventDate "2008.05.??"]
[EventType "swiss"]
[EventRounds "7"]
[EventCountry "GER"]
[WhiteTeam "SC Starnberg"]
[BlackTeam "SK Lauffen"]

1. e4 c5 2. Nf3 d6 3. Bb5+ Bd7 4. Bxd7+ Nxd7 5. O-O Ngf6 6. Re1 Qc7 7. c3 g6 8.
d4 cxd4 9. cxd4 Bg7 10. Nc3 Rd8 11. Qa4 O-O 12. e5 Nb6 13. exd6 Qxd6 14. Qxa7
Rd7 15. Qa5 Nc4 16. Qa4 Rc8 17. Ne5 Nb6 18. Qb3 Rdd8 19. Nxf7 1-0